|
|
|
|
| LEADER |
01248nab a2200361 i 4500 |
| 001 |
publ10198 |
| 005 |
20190508165703.0 |
| 008 |
170110s2014 hu o 0|| zxx d |
| 022 |
|
|
|a 1553-7404
|
| 024 |
7 |
|
|a 10.1371/journal.pgen.1004166
|2 doi
|
| 024 |
7 |
|
|a 2506301
|2 mtmt
|
| 040 |
|
|
|a SZTE Publicatio Repozitórium
|b hun
|
| 041 |
|
|
|a zxx
|
| 100 |
1 |
|
|a Molnár Imre Árpád
|
| 245 |
1 |
0 |
|a DAAM Is Required for Thin Filament Formation and Sarcomerogenesis during Muscle Development in Drosophila
|h [elektronikus dokumentum] /
|c Molnár Imre Árpád
|
| 260 |
|
|
|c 2014
|
| 300 |
|
|
|a Terjedelem: 15 p.-Azonosító: e1004166
|
| 490 |
0 |
|
|a PLoS Genetics
|v 10 No. 2
|
| 700 |
0 |
1 |
|a Migh Ede
|e aut
|
| 700 |
0 |
1 |
|a Szikora Szilárd
|e aut
|
| 700 |
0 |
1 |
|a Kalmár Tibor
|e aut
|
| 700 |
0 |
1 |
|a Végh Attila Gergely
|e aut
|
| 700 |
0 |
1 |
|a Deák Ferenc
|e aut
|
| 700 |
0 |
1 |
|a Barkó Szilvia
|e aut
|
| 700 |
0 |
1 |
|a Bugyi Beáta
|e aut
|
| 700 |
0 |
1 |
|a Orfanos Zacharias
|e aut
|
| 700 |
0 |
1 |
|a Kovács János
|e aut
|
| 700 |
0 |
1 |
|a Juhász Gábor
|e aut
|
| 700 |
0 |
1 |
|a Váró György
|e aut
|
| 700 |
0 |
1 |
|a Nyitrai Miklós
|e aut
|
| 700 |
0 |
1 |
|a Sparrow John
|e aut
|
| 700 |
0 |
1 |
|a Mihály József
|e aut
|
| 856 |
4 |
0 |
|u http://publicatio.bibl.u-szeged.hu/10198/1/Molnar%20et%20al%202014.PDF
|z Dokumentum-elérés
|